[Event "Ostrava Konik op-C"]
[Site "Ostrava"]
[Date "2012.05.01"]
[Round "4"]
[White "Fiser, Otakar"]
[Black "Tretina, Zdenek"]
[Result "0-1"]
[WhiteElo "1591"]
[BlackElo "1796"]
[PlyCount "42"]
[EventDate "2012.04.28"]
[EventType "swiss"]
[EventRounds "9"]
[EventCountry "CZE"]
[SourceTitle "CBM 148 Extra"]
[Source "ChessBase"]
[SourceDate "2012.06.22"]
[SourceVersion "1"]
[SourceVersionDate "2012.06.22"]
[SourceQuality "1"]

1. f4 d5 2. Nf3 Nf6 3. g3 g6 4. Bg2 Bg7 5. 0-0 0-0 6. d3 c6 7. Qe1 Re8 8. Nc3 Nbd7 9. b3 e5 10. fxe5 Nxe5 11. Bg5 Nxf3+ 12. Bxf3 Qb6+ 13. Kh1 Bh3 14. Bg2 Bxg2+ 15. Kxg2 Ng4 16. Qd2 Ne3+ 17. Bxe3 Qxe3 18. Qxe3 Rxe3 19. Nd1 Rxe2+ 20. Nf2 Bxa1 21. Rxa1 Rxc2 0-1

[Event "Karvina op"]
[Site "Karvina"]
[Date "2011.07.10"]
[Round "9"]
[White "Pilch, David"]
[Black "Tretina, Zdenek"]
[Result "0-1"]
[WhiteElo "1592"]
[BlackElo "1814"]
[PlyCount "148"]
[EventDate "2011.07.02"]
[EventType "swiss"]
[EventRounds "9"]
[EventCountry "CZE"]
[SourceTitle "CBM 143 Extra"]
[Source "ChessBase"]
[SourceDate "2011.08.29"]
[SourceVersion "1"]
[SourceVersionDate "2011.08.29"]
[SourceQuality "1"]

1. d4 d5 2. c4 e6 3. Nc3 Nf6 4. Bg5 Nbd7 5. e3 c6 6. Nf3 Qa5 7. Bxf6 Nxf6 8. Qc2 Bb4 9. Rc1 Qxa2 10. Nd2 Qa5 11. Bd3 0-0 12. 0-0 Bxc3 13. Qxc3 Qxc3 14. Rxc3 dxc4 15. Nxc4 Rd8 16. Rfc1 Nd5 17. Rb3 f6 18. Na5 Nb6 19. Kf1 Rd5 20. Nc4 Nxc4 21. Bxc4 Rd6 22. Rcc3 Kf8 23. Ke2 Ke7 24. Bd3 f5 25. g4 g6 26. gxf5 exf5 27. Rc5 b6 28. Re5+ Kf6 29. Rc3 Be6 30. Bc4 Bxc4+ 31. Rxc4 Rad8 32. Rc2 a5 33. h4 Kf7 34. Kf3 R8d7 35. Kf4 h6 36. f3 Kf6 37. Re8 Re7 38. Rc8 g5+ 39. hxg5+ hxg5+ 40. Kg3 Ree6 41. Kf2 b5 42. Ke2 Rxd4 43. R8xc6 Rb4 44. Rc8 g4 45. fxg4 fxg4 46. Rg8 Kf7 47. Rg5 Kf6 48. Rg8 a4 49. Kd3 Rbe4 50. Re2 Ke7 51. Rg5 R6e5 52. Rg7+ Kd6 53. Rg8 Kc5 54. Kc2 Kb4 55. Rg2 Rc5+ 56. Kb1 Rcc4 57. Ka2 Ka5 58. Rg5 Kb6 59. Rg6+ Kc7 60. Rg3 b4 61. Kb1 b3 62. Rf6 Kd7 63. Rf1 Ke6 64. Rc1 Kf5 65. Rf1+ Kg5 66. Re1 Rc2 67. Rgg1 Rf2 68. Kc1 Rc4+ 69. Kb1 Rcc2 70. Rgf1 Rxb2+ 71. Ka1 Ra2+ 72. Kb1 Rfb2+ 73. Kc1 a3 74. e4 Ra1# 0-1

[Event "Karvina op"]
[Site "Karvina"]
[Date "2011.07.08"]
[Round "7"]
[White "Kopel, Wojciech"]
[Black "Tretina, Zdenek"]
[Result "1/2-1/2"]
[WhiteElo "1530"]
[BlackElo "1814"]
[PlyCount "103"]
[EventDate "2011.07.02"]
[EventType "swiss"]
[EventRounds "9"]
[EventCountry "CZE"]
[SourceTitle "CBM 143 Extra"]
[Source "ChessBase"]
[SourceDate "2011.08.29"]
[SourceVersion "1"]
[SourceVersionDate "2011.08.29"]
[SourceQuality "1"]

1. d4 d5 2. Nf3 Nf6 3. Bf4 e6 4. e3 a6 5. Bd3 Nbd7 6. Nbd2 Be7 7. c3 Nh5 8. Bg3 Nxg3 9. hxg3 g6 10. Qc2 f5 11. 0-0-0 c5 12. Rh3 c4 13. Nxc4 dxc4 14. Bxc4 Nf6 15. Qb3 Nd5 16. Ne5 Bf6 17. Rdh1 Bxe5 18. dxe5 h5 19. Rd1 Qe7 20. Bxd5 exd5 21. Qxd5 Be6 22. Qd6 Rd8 23. Qxd8+ Qxd8 24. Rxd8+ Kxd8 25. Rh4 Kc7 26. Kc2 Rd8 27. a3 b5 28. Rd4 Rd5 29. f4 Kc6 30. Kd3 a5 31. e4 fxe4+ 32. Kxe4 Bf5+ 33. Ke3 Kc5 34. b4+ axb4 35. axb4+ Kc6 36. c4 bxc4 37. Rxc4+ Kb5 38. Rd4 Be6 39. Rxd5+ Bxd5 40. f5 gxf5 41. Kf4 Bxg2 42. Kxf5 Kxb4 43. e6 Bc6 44. Kg6 Be8+ 45. Kg7 Kc5 46. Kf8 Bc6 47. e7 Kd4 48. e8Q Bxe8 49. Kxe8 Ke4 50. Kf7 Kf5 51. Kg7 Kg5 52. Kh7 1/2-1/2

[Event "Karvina op"]
[Site "Karvina"]
[Date "2011.07.06"]
[Round "5"]
[White "Fiser, Otakar"]
[Black "Tretina, Zdenek"]
[Result "1/2-1/2"]
[WhiteElo "1585"]
[BlackElo "1814"]
[PlyCount "47"]
[EventDate "2011.07.02"]
[EventType "swiss"]
[EventRounds "9"]
[EventCountry "CZE"]
[SourceTitle "CBM 143 Extra"]
[Source "ChessBase"]
[SourceDate "2011.08.29"]
[SourceVersion "1"]
[SourceVersionDate "2011.08.29"]
[SourceQuality "1"]

1. c4 c5 2. Nc3 Nc6 3. g3 g6 4. Bg2 Bg7 5. Nf3 Nf6 6. 0-0 0-0 7. d4 cxd4 8. Nxd4 Nxd4 9. Qxd4 d6 10. Qd3 Rb8 11. Bd2 b6 12. b3 Be6 13. Rac1 Qd7 14. e4 Rfc8 15. f3 Ne8 16. Rb1 Nc7 17. Nd5 f5 18. Nxc7 Rxc7 19. Bc3 fxe4 20. fxe4 Rbc8 21. Bxg7 Kxg7 22. Qc3+ Kg8 23. a3 Bh3 24. Bxh3 1/2-1/2

[Event "Orlova op 8th"]
[Site "Orlova"]
[Date "2011.05.28"]
[Round "8"]
[White "Kolar, Stanislav"]
[Black "Tretina, Zdenek"]
[Result "1-0"]
[WhiteElo "2067"]
[BlackElo "1819"]
[PlyCount "83"]
[EventDate "2011.05.21"]
[EventType "swiss"]
[EventRounds "9"]
[EventCountry "CZE"]
[SourceTitle "CBM 142 Extra"]
[Source "ChessBase"]
[SourceDate "2011.06.27"]
[SourceVersion "1"]
[SourceVersionDate "2011.06.27"]
[SourceQuality "1"]

1. e4 c5 2. Nf3 d6 3. Bc4 e6 4. Nc3 a6 5. a4 Nf6 6. d3 g6 7. 0-0 Bg7 8. h3 Nc6 9. Bg5 Qc7 10. Re1 Nd7 11. Qd2 Nde5 12. Nxe5 Nxe5 13. Ba2 0-0 14. Ne2 Rb8 15. c3 b5 16. axb5 axb5 17. f4 Nc6 18. g4 b4 19. Bh4 Ra8 20. Bf2 Bd7 21. d4 bxc3 22. bxc3 cxd4 23. cxd4 Ra4 24. Bb3 Rxa1 25. Rxa1 Qb7 26. Rb1 Qa8 27. d5 exd5 28. exd5 Na5 29. Ba2 Nb7 30. Rb6 Bc8 31. Bb1 Qa3 32. Kg2 h5 33. f5 hxg4 34. hxg4 gxf5 35. gxf5 Qa4 36. Rb4 Qa5 37. Bb6 Qa1 38. Bd4 Bxd4 39. Nxd4 f6 40. Ne6 Rf7 41. Qh6 Bxe6 42. Rg4+ 1-0

[Event "Ostrava Konik op-C"]
[Site "Ostrava"]
[Date "2011.05.04"]
[Round "5"]
[White "Tretina, Zdenek"]
[Black "Petrov, Bogoljub"]
[Result "1/2-1/2"]
[WhiteElo "1819"]
[BlackElo "1911"]
[PlyCount "114"]
[EventDate "2011.04.30"]
[EventType "swiss"]
[EventRounds "9"]
[EventCountry "CZE"]
[SourceTitle "CBM 142 Extra"]
[Source "ChessBase"]
[SourceDate "2011.06.27"]
[SourceVersion "1"]
[SourceVersionDate "2011.06.27"]
[SourceQuality "1"]

1. d4 g6 2. Nf3 Bg7 3. c4 Nf6 4. Nc3 0-0 5. e4 d6 6. h3 e5 7. d5 c5 8. Be3 a6 9. Qd2 Re8 10. Bg5 Qc7 11. Be2 Nfd7 12. 0-0 f5 13. exf5 gxf5 14. Bh6 Nf8 15. Qg5 Qe7 16. Nh4 Qxg5 17. Bxg5 h6 18. Bd2 Bf6 19. Bh5 Re7 20. Nf3 e4 21. Nh2 Bg5 22. Bxg5 hxg5 23. Rae1 Nbd7 24. Bd1 Ne5 25. b3 Bd7 26. f3 exf3 27. Nxf3 Nxf3+ 28. Bxf3 Rae8 29. Kf2 Re5 30. g4 Ng6 31. gxf5 Bxf5 32. Bg4 Rf8 33. Kg3 Rxe1 34. Rxe1 Ne5 35. Bxf5 Rxf5 36. Re3 Kg7 37. Ne4 Nf7 38. Nf2 Re5 39. Rxe5 Nxe5 40. Ne4 Nf7 41. h4 gxh4+ 42. Kxh4 Kf8 43. Kg4 Ke7 44. Kf5 b6 45. Nc3 Ne5 46. Ke4 Kd7 47. Kf5 Ke7 48. Na4 Nd7 49. Nc3 Ne5 50. Ke4 Kd7 51. Ne2 Ke7 52. Nf4 Kd7 53. Nd3 Nxd3 54. Kxd3 b5 55. Ke4 Ke7 56. Kf5 Kf7 57. Kg5 Kg7 1/2-1/2

[Event "Ostrava Konik op-C"]
[Site "Ostrava"]
[Date "2011.05.01"]
[Round "2"]
[White "Simek, Jiri"]
[Black "Tretina, Zdenek"]
[Result "1-0"]
[WhiteElo "2059"]
[BlackElo "1819"]
[PlyCount "149"]
[EventDate "2011.04.30"]
[EventType "swiss"]
[EventRounds "9"]
[EventCountry "CZE"]
[SourceTitle "CBM 142 Extra"]
[Source "ChessBase"]
[SourceDate "2011.06.27"]
[SourceVersion "1"]
[SourceVersionDate "2011.06.27"]
[SourceQuality "1"]

1. e4 c5 2. Nf3 d6 3. d4 cxd4 4. Nxd4 Nf6 5. Nc3 e6 6. Be2 a6 7. f4 Be7 8. 0-0 0-0 9. a4 Nbd7 10. Kh1 Qc7 11. Qe1 b6 12. Bf3 Bb7 13. Be3 Nc5 14. Bg1 Rac8 15. Rd1 g6 16. Nb3 Rfd8 17. Qg3 Ne8 18. f5 Bf6 19. fxe6 fxe6 20. Nxc5 dxc5 21. Bg4 Qe7 22. e5 Bg5 23. Bxe6+ Qxe6 24. Qxg5 Rxd1 25. Rxd1 Rc7 26. Bf2 Rf7 27. Bg3 Kg7 28. Kg1 h6 29. Qd2 Qc6 30. Qe2 Kh7 31. h3 Re7 32. Qf2 Re6 33. Rd2 Qc7 34. Nd5 Bxd5 35. Rxd5 Ng7 36. Qd2 Re7 37. Bf4 g5 38. Qd3+ Kg8 39. Rd8+ Re8 40. Rxe8+ Nxe8 41. Qg6+ Ng7 42. Bg3 Qd7 43. Qxh6 Qd1+ 44. Kh2 Qxc2 45. Qxg5 b5 46. e6 Qf5 47. Qd8+ Kh7 48. e7 Qf7 49. axb5 axb5 50. Qd3+ Kg8 51. Qxb5 Qxe7 52. Qb8+ Qf8 53. Qxf8+ Kxf8 54. Bd6+ Kf7 55. Bxc5 Ke6 56. g4 Kd5 57. Be7 Ke6 58. Bf8 Ne8 59. Kg3 Kf7 60. Bb4 Nc7 61. h4 Kg6 62. h5+ Kg5 63. Bd2+ Kf6 64. g5+ Kf5 65. g6 Nd5 66. g7 Ne7 67. b4 Kf6 68. h6 Kg6 69. b5 Kh7 70. b6 Nf5+ 71. Kg4 Nd6 72. Bf4 Nb7 73. Kf5 Nc5 74. Kf6 Kg8 75. Kg6 1-0

[Event "Ostrava op"]
[Site "Ostrava"]
[Date "2010.05.02"]
[Round "2"]
[White "Tretina, Zdenek"]
[Black "Vermirovsky, Vlastimil"]
[Result "0-1"]
[WhiteElo "1825"]
[BlackElo "2040"]
[PlyCount "65"]
[EventDate "2010.05.01"]
[EventType "swiss"]
[EventRounds "9"]
[EventCountry "CZE"]
[SourceTitle "EXT 2011"]
[Source "ChessBase"]
[SourceDate "2010.11.26"]
[SourceVersion "1"]
[SourceVersionDate "2010.11.26"]
[SourceQuality "1"]

1. d4 d5 2. c4 c6 3. Nc3 Nf6 4. Nf3 a6 5. cxd5 cxd5 6. g3 g6 7. Bg2 Bg7 8. 0-0 0-0 9. Re1 Nc6 10. a3 Ne4 11. e3 f5 12. Qb3 e6 13. Qd1 Bd7 14. Nxe4 fxe4 15. Nd2 e5 16. Qb3 Qa5 17. dxe5 Kh8 18. f4 exf3 19. Bxf3 Nxe5 20. Be2 Ba4 21. Qa2 Qb6 22. b3 Qxe3+ 23. Kh1 Bc6 24. Nf3 Qe4 25. Bb2 d4 26. Bxd4 Qxd4 27. Rad1 Qe3 28. Qd2 Bxf3+ 29. Bxf3 Qxf3+ 30. Qg2 Qxb3 31. Rb1 Qf3 32. Rxb7 Qxg2+ 33. Kxg2 0-1

[Event "Orlova op 6th"]
[Site "Orlova"]
[Date "2009.05.27"]
[Round "6"]
[White "Pisarek, Marcin"]
[Black "Tretina, Zdenek"]
[Result "0-1"]
[WhiteElo "1765"]
[BlackElo "1825"]
[PlyCount "96"]
[EventDate "2009.05.23"]
[EventType "swiss"]
[EventRounds "9"]
[EventCountry "CZE"]
[SourceTitle "EXT 2012"]
[Source "ChessBase"]
[SourceDate "2011.11.24"]
[SourceVersion "1"]
[SourceVersionDate "2011.11.24"]
[SourceQuality "1"]

1. d4 d5 2. c4 e6 3. Nc3 Nf6 4. Bg5 Nbd7 5. e3 c6 6. Nf3 Qa5 7. Bxf6 Nxf6 8. Nd2 Bb4 9. Qc2 0-0 10. a3 Bxc3 11. Qxc3 Qxc3 12. bxc3 b6 13. Bd3 Ba6 14. Ke2 Rfc8 15. Rhc1 c5 16. cxd5 Bxd3+ 17. Kxd3 exd5 18. dxc5 Rxc5 19. f3 Rac8 20. Rc2 Kf8 21. Rac1 Ke7 22. c4 dxc4+ 23. Rxc4 Rd8+ 24. Ke2 Rdc8 25. Rxc5 Rxc5 26. Nb3 Rxc1 27. Nxc1 Kd6 28. Nb3 a6 29. Kd3 Nd7 30. Kd4 f6 31. e4 Ne5 32. f4 Nc6+ 33. Kc3 b5 34. Nc1 a5 35. Nd3 g6 36. g4 Nd8 37. h3 Ne6 38. Kb3 Nc5+ 39. Nxc5 Kxc5 40. Kc3 h6 41. h4 b4+ 42. axb4+ axb4+ 43. Kd3 b3 44. g5 fxg5 45. hxg5 hxg5 46. fxg5 b2 47. Kc2 b1Q+ 48. Kxb1 Kd4 0-1

[Event "Ostrava op"]
[Site "Ostrava"]
[Date "2009.05.06"]
[Round "5"]
[White "Macalka, Frantisek"]
[Black "Tretina, Zdenek"]
[Result "1/2-1/2"]
[WhiteElo "1680"]
[BlackElo "1795"]
[PlyCount "214"]
[EventDate "2009.05.02"]
[EventType "swiss"]
[EventRounds "9"]
[EventCountry "CZE"]
[SourceTitle "EXT 2011"]
[Source "ChessBase"]
[SourceDate "2010.11.26"]
[SourceVersion "1"]
[SourceVersionDate "2010.11.26"]
[SourceQuality "1"]

1. d4 d5 2. Nf3 Nf6 3. c4 c6 4. e3 Nbd7 5. a3 e6 6. Bd3 dxc4 7. Bxc4 b6 8. 0-0 Bb7 9. Nc3 Be7 10. e4 0-0 11. Re1 Rc8 12. Bg5 h6 13. Bxf6 Nxf6 14. b4 Re8 15. Qb3 Bf8 16. Rad1 Qc7 17. g3 a6 18. Bd3 Red8 19. Be2 c5 20. dxc5 bxc5 21. Rxd8 Rxd8 22. b5 axb5 23. Nxb5 Qc6 24. e5 Nd7 25. Rd1 Be7 26. Nd6 Nxe5 27. Qxb7 Nxf3+ 28. Bxf3 Qxb7 29. Nxb7 Ra8 30. Rd3 c4 31. Rc3 Rxa3 32. Rxa3 Bxa3 33. Bd1 Bb4 34. Nd8 Kf8 35. Ba4 Ba3 36. Kf1 Ke7 37. Nc6+ Kd6 38. Nd4 Kc5 39. Nc2 Bb2 40. Ke2 e5 41. f3 f6 42. g4 Bc1 43. h4 Bf4 44. h5 Kd5 45. Be8 e4 46. Bf7+ Ke5 47. Bxc4 exf3+ 48. Kxf3 f5 49. gxf5 Kxf5 50. Bd3+ Kg5 51. Bg6 Bc1 52. Ke4 Kf6 53. Nd4 Bb2 54. Nf5 Ke6 55. Kf4 Be5+ 56. Kg4 Bb2 57. Ng3 Ke7 58. Kf5 Kf8 59. Ke6 Kg8 60. Nf5 Ba3 61. Bf7+ Kh8 62. Nh4 Bb2 63. Ng6+ Kh7 64. Ke7 Ba3+ 65. Ke8 Bb4 66. Be6 Ba3 67. Kf7 Bb4 68. Bf5 Ba3 69. Nf4+ Kh8 70. Ne6 Bb2 71. Bg6 Bc3 72. Ke8 Kg8 73. Nd8 Bb2 74. Bf7+ Kh8 75. Ne6 Ba3 76. Nf4 Bb4 77. Ng6+ Kh7 78. Be6 Ba3 79. Kf7 Bb4 80. Bf5 Ba3 81. Ne5+ Kh8 82. Kg6 Bb2 83. Nf7+ Kg8 84. Be6 Kf8 85. Bc4 Bc3 86. Nd8 Bb2 87. Be2 Bc1 88. Ne6+ Ke8 89. Nxg7+ Kf8 90. Bg4 Bd2 91. Nf5 Bc3 92. Nxh6 Bh8 93. Nf5 Bc3 94. h6 Bd2 95. h7 Bc3 96. Nd6 Ke7 97. Nf5+ Kf8 98. Nh6 Bh8 99. Nf7 Bc3 100. h8Q+ Bxh8 101. Nxh8 Ke7 102. Kf5 Kd6 103. Kf6 Kc5 104. Kf5 Kd4 105. Kf4 Kc3 106. Ke3 Kb2 107. Kd2 Kb3 1/2-1/2

[Event "Orlova op 4th"]
[Site "Orlova"]
[Date "2007.05.25"]
[Round "7"]
[White "Kraus, Frantisek"]
[Black "Tretina, Zdenek"]
[Result "1-0"]
[WhiteElo "2080"]
[BlackElo "1878"]
[PlyCount "61"]
[EventDate "2007.05.19"]
[EventType "swiss"]
[EventRounds "9"]
[EventCountry "CZE"]
[SourceTitle "EXT 2012"]
[Source "ChessBase"]
[SourceDate "2011.11.24"]
[SourceVersion "1"]
[SourceVersionDate "2011.11.24"]
[SourceQuality "1"]

1. e4 c5 2. Nf3 d6 3. d4 cxd4 4. Nxd4 Nf6 5. Nc3 a6 6. f4 Qc7 7. Nf3 Nc6 8. Bd3 Bg4 9. h3 Bd7 10. 0-0 e6 11. Kh1 Be7 12. Qe1 Nb4 13. e5 Nxd3 14. cxd3 dxe5 15. fxe5 Nd5 16. Ne4 h6 17. Qg3 g5 18. Bd2 0-0-0 19. Rac1 Bc6 20. Nd4 Rhf8 21. Qe1 Rde8 22. b4 Qxe5 23. Nxc6 bxc6 24. Rxc6+ Kb8 25. Rxa6 f5 26. Qf2 Qc7 27. Nc5 Bd6 28. Qd4 Bxc5 29. bxc5 Kc8 30. c6 Kb8 31. Rb1+ 1-0

[Event "Orlova op 4th"]
[Site "Orlova"]
[Date "2007.05.23"]
[Round "5"]
[White "Tretina, Zdenek"]
[Black "Kotas, Jan"]
[Result "0-1"]
[WhiteElo "1878"]
[BlackElo "2014"]
[PlyCount "118"]
[EventDate "2007.05.19"]
[EventType "swiss"]
[EventRounds "9"]
[EventCountry "CZE"]
[SourceTitle "EXT 2012"]
[Source "ChessBase"]
[SourceDate "2011.11.24"]
[SourceVersion "1"]
[SourceVersionDate "2011.11.24"]
[SourceQuality "1"]

1. d4 Nf6 2. c4 e6 3. Nf3 b6 4. g3 Bb7 5. Bg2 Be7 6. 0-0 0-0 7. Nc3 Ne4 8. Qc2 d5 9. cxd5 exd5 10. e3 Nxc3 11. Qxc3 Nd7 12. b4 c6 13. Bb2 Bf6 14. Qd2 Re8 15. Rfe1 Rc8 16. Rac1 Qe7 17. a3 Qe6 18. Rc2 Ba6 19. Qc1 Bc4 20. Bf1 b5 21. Bg2 Bd3 22. Rc3 Be4 23. Rd1 Nb6 24. Nd2 Bxg2 25. Kxg2 Nc4 26. Nb3 Be7 27. Qc2 Bd6 28. Kg1 Qg4 29. Rc1 Re6 30. Nd2 Rh6 31. f3 Qh3 32. Nxc4 Bxg3 33. Qg2 Bxh2+ 34. Kf2 bxc4 35. Qxh3 Rxh3 36. Kg2 Rh4 37. Rh1 Bg3 38. Rcc1 Rxh1 39. Rxh1 Bd6 40. Bc3 f5 41. Re1 Re8 42. Kf2 Kf7 43. Rb1 a6 44. f4 Rb8 45. Rb2 Bc7 46. a4 h6 47. Kf3 g5 48. fxg5 hxg5 49. Rb1 g4+ 50. Kg2 Bd6 51. a5 Kg6 52. Bd2 Rh8 53. Rh1 Rxh1 54. Kxh1 Kh5 55. Be1 g3 56. Kg2 Kg4 57. Bd2 f4 58. exf4 Bxf4 59. Be1 Be3 0-1